Introduction to Algorithms (Record no. 1910)

MARC details
000 -LEADER
fixed length control field 00498 a2200169 4500
000 - LEADER
fixed length control field nam a22 7a 4500
001 - CONTROL NUMBER
control field 1910
005 - DATE AND TIME OF LATEST TRANSACTION
control field 20260407134055.0
020 ## - INTERNATIONAL STANDARD BOOK NUMBER
International Standard Book Number 9780262033848
100 ## - MAIN ENTRY--PERSONAL NAME
Personal name Thomas H. Cormen, Charles E. Leiserson, Ronald L. Rivest, Clifford Stein
110 ## - MAIN ENTRY--CORPORATE NAME
Corporate name or jurisdiction name as entry element Thomas H. Cormen, Charles E. Leiserson, Ronald L. Rivest, Clifford Stein
245 ## - TITLE STATEMENT
Title Introduction to Algorithms
250 ## - EDITION STATEMENT
Edition statement 3rd Edition
260 ## - PUBLICATION, DISTRIBUTION, ETC.
Name of publisher, distributor, etc. MIT Press
Date of publication, distribution, etc. 2009
264 ## - PRODUCTION, PUBLICATION, DISTRIBUTION, MANUFACTURE, AND COPYRIGHT NOTICE
Name of producer, publisher, distributor, manufacturer MIT Press
Date of production, publication, distribution, manufacture, or copyright notice 2009
942 ## - ADDED ENTRY ELEMENTS (KOHA)
Koha item type Books
Holdings
Withdrawn status Lost status Source of classification or shelving scheme Damaged status Not for loan Home library Current library Date acquired Total checkouts Barcode Date last seen Price effective from Koha item type
    Dewey Decimal Classification     Centerville Centerville 07/04/2026   CPL26040007 07/04/2026 07/04/2026 Books